LDR 01381nam a2200289 4500 001 000000367402 003 CaOOAMICUS 005 20260423105908.0 008 260422s2005 it a 000 u ita r 020 $a88-8068-017-X 040 $aSeMil$bita 100 1 $aBocca, Claudia,$d<1961- >.$0(OLS)http://semarc/name/124212 245 10$aSulle tracce dei Salassi :$borigine, storia e genocidio di una cultura alpina /$cClaudia Bocca e Massimo Centini. 264 1$aIvrea (TO) :$bPriuli & Verlucca,$c2005. 300 $a87 p. :$bill. ;$c30 cm 490 1 $aQuaderni di cultura alpina ;$v48 650 4$aSalassi
- Storia.$0(OLS)http://semarc/subject/60064 650 4$aAlpi
- Antropologia.$0(OLS)http://semarc/subject/59984 700 1 $aCentini, Massimo,$d<1955- >.$0(OLS)http://semarc/name/44587 830 0$aQuaderni di cultura alpina ;$v48.$0(OLS)http://semarc/title/31982 850 $aSeMil 852 $aSeMil$W1$xVenegono$y1$m3R VI 11$j270757$B258101$CSeMilBibl$Z2$F258101 $81 961 $aCaspani Maurizio - Lascito 996 $6020$a88-8068-017-X$9(OLS)http://semarc/number/305719 996 $6245$aSulle tracce dei Salassi :$borigine, storia e genocidio di una cultura alpina$9(OLS)http://semarc/title/459321 996 $6264$aIvrea (TO) :$bPriuli & Verlucca$9(OLS)http://semarc/publisher/33384